The Spongebob Quotes #2 - Statistics

General Stats
  • This quiz has been taken 520 times
  • The average score is 9 of 15
Answer Stats
Hint Answer % Correct
Firmly _____ it grasp
94%
The best time to wear a striped sweater is ___ ___ ____ all the time
85%
My name's not ____ !!! rick
84%
May I take your ___ sir hat
81%
Smitty Werbenjagermanjensen: He was ______ ___ number one
79%
This is a load of _________ barnacles
66%
Squidward smells ____ good
65%
This _________ feels like the very first _________ to me christmas
64%
Three cheers for Squidward! Hip hip ___ boo
60%
You've gotta have muscles on your muscles. You've gotta have muscles on your ________ eyeballs
56%
Spongebob it's not _______ if you're ten feet from your house camping
54%
Every Villain Is ______ lemons
53%
_______ the customer, make him feel good flatter
21%
Who's the ___ ___ talkin to? fat kid
20%
An experienced employee of the month always keeps a _____ __ ____ in his hat brick of lead
14%
No matching quizzes found
Score Distribution
Percent of People with Each Score
Percentile by Number Answered
Your Score History
You have not taken this quiz